[Event "Chinese Championship"]
[Site "Xinghua CHN"]
[Date "2010.05.28"]
[EventDate "2010.05.24"]
[Round "5"]
[Result "1/2-1/2"]
[White "Wang Hao"]
[Black "Li Chao"]
[WhiteElo "2722"]
[BlackElo "2619"]
[PlyCount "180"]

1. d4 Nf6 2. c4 g6 3. g3 Bg7 4. Bg2 d5 5. cxd5 Nxd5 6. e4 Nb6
7. Ne2 O-O 8. O-O Nc6 9. d5 Na5 10. Nbc3 e6 11. b3 exd5
12. exd5 c6 13. Ba3 Re8 14. d6 Bg4 15. f3 Be6 16. Rc1 Nd5
17. Nxd5 cxd5 18. Nf4 Nc6 19. Qd2 Be5 20. Nxe6 fxe6 21. f4
Bxd6 22. Bb2 Qa5 23. Qxa5 Nxa5 24. g4 Rac8 25. f5 Rxc1
26. Bxc1 gxf5 27. gxf5 exf5 28. Bd2 Nc6 29. Bxd5+ Kg7 30. Rxf5
Bxh2+ 31. Kf1 Ne7 32. Rg5+ Kf6 33. Be4 Ng6 34. Rf5+ Ke6
35. Ra5 Rf8+ 36. Ke2 Bg1 37. Bxb7 Bb6 38. Ra6 Nf4+ 39. Bxf4
Rxf4 40. a4 Rb4 41. a5 Rxb3 42. axb6 axb6 43. Be4 h5 44. Ra8
Ke5 45. Bg6 h4 46. Rh8 Kf4 47. Bc2 Re3+ 48. Kd2 Rh3 49. Rf8+
Ke5 50. Rf5+ Kd4 51. Rf4+ Kc5 52. Bd3 Rh1 53. Kc3 h3 54. Rh4
Kd6 55. Be4 Ra1 56. Bf5 Rc1+ 57. Kd4 Rd1+ 58. Bd3 Rh1 59. Rh6+
Kc7 60. Be4 Rd1+ 61. Ke5 b5 62. Rc6+ Kb8 63. Rb6+ Kc8 64. Bd5
h2 65. Rh6 Kc7 66. Rh7+ Kb6 67. Rxh2 b4 68. Kd6 Kb5 69. Rh8
Rc1 70. Rb8+ Ka4 71. Ke5 Ka3 72. Kd4 Rg1 73. Ra8+ Kb2 74. Ra2+
Kb1 75. Ra4 b3 76. Kc3 Rg3+ 77. Kd2 Rh3 78. Rf4 Kb2 79. Rf2
Rc3 80. Be4 Rc8 81. Rf7 Rh8 82. Rb7 Rd8+ 83. Bd3 Rd6 84. Ke3
Re6+ 85. Kd4 Rh6 86. Bc4 Rh3 87. Rg7 Ka3 88. Ra7+ Kb2 89. Rb7
Kc2 90. Bd5 Rd3+ 1/2-1/2

[Event "Chinese Championship"]
[Site "Xinghua CHN"]
[Date "2010.05.29"]
[EventDate "2010.05.24"]
[Round "6"]
[Result "1/2-1/2"]
[White "Zhang Ziyang"]
[Black "Wang Hao"]
[WhiteElo "2422"]
[BlackElo "2722"]
[PlyCount "145"]

1. d4 Nf6 2. Nf3 g6 3. Bg5 Bg7 4. Nbd2 O-O 5. c3 d6 6. e4 h6
7. Bh4 c5 8. dxc5 dxc5 9. Bc4 Nh5 10. O-O Nc6 11. Re1 Qc7
12. Qc2 a6 13. Bg3 Nxg3 14. hxg3 Rd8 15. Rad1 b5 16. Be2 c4
17. Nf1 Bb7 18. Ne3 e6 19. Qc1 Rxd1 20. Bxd1 Rd8 21. Bc2 g5
22. Rd1 Rxd1+ 23. Qxd1 Nb8 24. a4 Nd7 25. axb5 axb5 26. Nd4
Ba6 27. Qh5 Ne5 28. Nf3 Nxf3+ 29. gxf3 b4 30. cxb4 c3 31. bxc3
Qxc3 32. Kg2 Qxb4 33. Ng4 Qe1 34. Qh1 Qxh1+ 35. Kxh1 h5
36. Ne3 Bd4 37. Kg2 Kf8 38. Ba4 Ke7 39. Bc6 Bxe3 40. fxe3 e5
41. Ba4 Bc4 42. Bd1 f6 43. f4 Bf7 44. Kf2 Kd6 45. Ke1 Kc5
46. Kd2 Kb4 47. Be2 Be8 48. Bd1 Bg6 49. Kd3 Bf7 50. Kd2 Kc4
51. Be2+ Kb3 52. Bd1+ Kb2 53. Be2 Bg6 54. Bf3 h4 55. gxh4 gxh4
56. Bg2 Bh5 57. Bh3 Bf3 58. Bf5 Bh1 59. Ke2 Kc3 60. Bg6 h3
61. Kf2 Kd3 62. fxe5 fxe5 63. Kg3 Bxe4 64. Bh5 Bf5 65. Kf2 h2
66. Be2+ Kd2 67. Bf3 Bg6 68. Bg2 Kd3 69. Bf1+ Kd2 70. Bg2 Bh5
71. Kg3 Kxe3 72. Kxh2 Bf3 73. Bh3 1/2-1/2

[Event "Chinese Championship"]
[Site "Xinghua CHN"]
[Date "2010.05.31"]
[EventDate "2010.05.24"]
[Round "7"]
[Result "1-0"]
[White "Wang Hao"]
[Black "Lu Shanglei"]
[WhiteElo "2722"]
[BlackElo "2349"]
[PlyCount "75"]

1. c4 c6 2. d4 d5 3. Nf3 Nf6 4. Qc2 dxc4 5. Qxc4 Bf5 6. g3 e6
7. Bg2 Nbd7 8. O-O Be7 9. Nc3 Ne4 10. Qb3 Qb6 11. Nh4 Qxb3
12. axb3 Bxh4 13. gxh4 Nd6 14. e4 Bg6 15. Ra5 h5 16. Rg5 Nf8
17. Bf4 Ke7 18. Rd1 f6 19. Ra5 Nc8 20. b4 Nd7 21. b5 c5
22. dxc5 Nxc5 23. Be3 Nd7 24. e5 Nxe5 25. Bxb7 Rb8 26. Bc5+
Kf7 27. Bxc8 Rhxc8 28. Rxa7+ Kg8 29. Bd6 Nf3+ 30. Kg2 Nxh4+
31. Kh3 Rc4 32. f4 e5 33. Kxh4 Rxf4+ 34. Kg3 h4+ 35. Kg2 Be4+
36. Nxe4 Rxb5 37. Nxf6+ Rxf6 38. b4 1-0

[Event "Chinese Championship"]
[Site "Xinghua CHN"]
[Date "2010.06.01"]
[EventDate "2010.05.24"]
[Round "8"]
[Result "0-1"]
[White "Zhou Jianchao"]
[Black "Wang Hao"]
[WhiteElo "2652"]
[BlackElo "2722"]
[PlyCount "119"]

1. d4 Nf6 2. c4 e6 3. Nf3 d5 4. Nc3 dxc4 5. e4 Bb4 6. Bg5 c5
7. e5 cxd4 8. Qa4+ Nc6 9. O-O-O Bd7 10. Ne4 Be7 11. exf6 gxf6
12. Bh4 a6 13. Qxc4 e5 14. Nxe5 Nxe5 15. Qxd4 Qc7+ 16. Kb1 Bf5
17. Qa4+ Kf8 18. f3 Kg7 19. Be2 b5 20. Qd4 Rhd8 21. Qe3 Nc4
22. Bxc4 Qxc4 23. Rc1 Qe6 24. Rhe1 Rac8 25. h3 Rc4 26. Ka1
Bxe4 27. fxe4 Ra4 28. b3 Qe5+ 29. Kb1 Ba3 30. Rc3 Rxe4
31. Qg3+ Kh6 32. Qxe5 Rxe5 33. Rxe5 Rd1+ 34. Kc2 Rc1+ 35. Kd2
Rxc3 36. Bxf6 Rg3 37. Re2 Bd6 38. Bh4 Bb4+ 39. Kc2 Rc3+
40. Kb2 Rc6 41. Bf2 Kg5 42. Bd4 f5 43. a3 Bd6 44. Re8 h5
45. Be3+ f4 46. Bd4 Kf5 47. Re2 Rc8 48. Rd2 Ke4 49. Bf6 Bc5
50. a4 Be3 51. Rd8 Rxd8 52. Bxd8 Kd3 53. axb5 axb5 54. Bh4 Ke2
55. Kc3 Bf2 56. Bg5 Bg3 57. Kb4 Kf2 58. Kxb5 Kxg2 59. Kc4 f3
60. Kd4 0-1

[Event "Chinese Championship"]
[Site "Xinghua CHN"]
[Date "2010.06.03"]
[EventDate "2010.05.24"]
[Round "10"]
[Result "0-1"]
[White "Zhou Weiqi"]
[Black "Wang Hao"]
[WhiteElo "2585"]
[BlackElo "2722"]
[PlyCount "124"]

1. d4 Nf6 2. c4 e6 3. Nf3 Bb4+ 4. Bd2 c5 5. Bxb4 cxb4 6. g3
O-O 7. Bg2 d6 8. O-O a5 9. a3 Na6 10. Nbd2 Qc7 11. Qc2 Re8
12. Rfd1 Bd7 13. Rac1 Rac8 14. e3 e5 15. dxe5 dxe5 16. Ng5 Nc5
17. axb4 axb4 18. Bd5 Rf8 19. Qb1 Bg4 20. f3 Bh5 21. Nde4
Nfxe4 22. Nxe4 Bg6 23. Qc2 Kh8 24. Kg2 Qb6 25. Qe2 Bxe4
26. Bxe4 f5 27. Bd5 Ra8 28. Ra1 Rae8 29. Rf1 h6 30. Qc2 Rf6
31. Rad1 Ra8 32. Ra1 Ra6 33. g4 fxg4 34. fxg4 Qd8 35. Rad1
Rxf1 36. Rxf1 Rf6 37. Rf5 Qe7 38. h3 g6 39. Rxf6 Qxf6 40. Qd2
b3 41. Qa5 Qf8 42. Qb4 Qe7 43. Kf1 Kg7 44. Ke2 Qc7 45. e4 Kf6
46. Qb5 Kg5 47. Qe8 Qd6 48. Qf7 h5 49. gxh5 Kxh5 50. Qf3+ Kh6
51. Kd2 Qe7 52. Kc3 Kg7 53. h4 Qc7 54. Kd2 Qe7 55. Kc3 Kh6
56. Bf7 b6 57. h5 Qa7 58. Kd2 Qa1 59. Bxg6 Qxb2+ 60. Ke1 Qc1+
61. Kf2 Qd2+ 62. Kg3 Qd3 0-1

[Event "Chinese Championship"]
[Site "Xinghua CHN"]
[Date "2010.06.04"]
[EventDate "2010.05.24"]
[Round "11"]
[Result "1-0"]
[White "Wang Hao"]
[Black "Ni Hua"]
[WhiteElo "2722"]
[BlackElo "2667"]
[PlyCount "65"]

1. d4 d5 2. c4 c6 3. Nc3 Nf6 4. e3 a6 5. Nf3 b5 6. b3 Bg4
7. Be2 Nbd7 8. O-O e6 9. h3 Bf5 10. Bb2 Bd6 11. Nh4 Bg6
12. Nxg6 hxg6 13. Bf3 O-O 14. Qe2 Rb8 15. e4 dxe4 16. Nxe4
Nxe4 17. Bxe4 Qc7 18. Rfd1 Nf6 19. Bf3 Rfc8 20. g3 Qa5 21. c5
Be7 22. h4 Qd8 23. Kg2 Nd5 24. Rh1 Bf6 25. Be4 Rb7 26. Rad1
Rd7 27. h5 gxh5 28. Qxh5 Kf8 29. Qf3 Ke7 30. a3 Qc7 31. Bc1
Qb7 32. g4 Kd8 33. g5 1-0

[Event "China - Russia"]
[Site "Ningbo CHN"]
[Date "2010.08.05"]
[EventDate "2010.08.05"]
[Round "1"]
[Result "1/2-1/2"]
[White "Vladimir Malakhov"]
[Black "Wang Hao"]
[WhiteElo "2732"]
[BlackElo "2724"]
[PlyCount "126"]

1. e4 c5 2. Nf3 Nc6 3. d4 cxd4 4. Nxd4 Nf6 5. Nc3 d6 6. Bg5 e6
7. Qd2 Be7 8. O-O-O a6 9. f4 Nxd4 10. Qxd4 b5 11. Be2 Bb7
12. Bf3 O-O 13. e5 Bxf3 14. exf6 gxf6 15. gxf3 fxg5 16. Ne4
Rc8 17. h4 Qc7 18. Rd2 Qc4 19. Qxc4 Rxc4 20. hxg5 Kg7 21. b3
Rc7 22. Nxd6 Rc3 23. f5 Bxd6 24. Rxd6 exf5 25. f4 Rfc8
26. Rdh6 Rxc2+ 27. Kb1 Kg8 28. Rxa6 Rf2 29. Ra5 Rcc2 30. Rxb5
Rb2+ 31. Ka1 Rxa2+ 32. Kb1 Rab2+ 33. Ka1 Rbe2 34. Rxf5 Ra2+
35. Kb1 Rab2+ 36. Kc1 Rxb3 37. Rd1 Rc3+ 38. Kb1 Re3 39. Kc1
Rc3+ 40. Kb1 Rc7 41. Rd6 Kg7 42. Rff6 Kf8 43. Rf5 Re7 44. Rd8+
Kg7 45. Kc1 Kg6 46. Rf6+ Kh5 47. Rd2 Rf1+ 48. Kc2 Kg4 49. Rd4
Rf3 50. Rh6 Rc7+ 51. Kd2 Ra7 52. Rxh7 Ra2+ 53. Ke1 Kg3
54. Rxf7 Rff2 55. Rfd7 Rh2 56. Rd2 Ra1+ 57. Rd1 Ra4 58. R1d3+
Kxf4 59. Rd2 Ra1+ 60. Rd1 Rh1+ 61. Ke2 Raxd1 62. Rxd1 Rxd1
63. Kxd1 Kxg5 1/2-1/2

[Event "China - Russia"]
[Site "Ningbo CHN"]
[Date "2010.08.06"]
[EventDate "2010.08.05"]
[Round "2"]
[Result "0-1"]
[White "Nikita Vitiugov"]
[Black "Wang Hao"]
[WhiteElo "2722"]
[BlackElo "2724"]
[PlyCount "72"]

1. c4 e5 2. Nc3 Nf6 3. Nf3 Nc6 4. g3 d5 5. cxd5 Nxd5 6. Bg2
Nb6 7. O-O Be7 8. a3 O-O 9. b4 Be6 10. d3 Nd4 11. Bb2 Nxf3+
12. Bxf3 c6 13. Ne4 Nd7 14. Qc2 Bd5 15. Bc3 Re8 16. Rfd1 Rc8
17. Qb2 Bf8 18. Nd2 Bxf3 19. Nxf3 Bd6 20. a4 a6 21. Nd2 Bf8
22. Nc4 b5 23. axb5 axb5 24. Nd2 Nb6 25. Nf3 Na4 26. Qc2 c5
27. Bxe5 cxb4 28. Qb3 Nc3 29. Re1 Qd7 30. Kg2 Qf5 31. Ra7 Rxe5
32. Nxe5 Qxe5 33. Qxf7+ Kh8 34. Rea1 Qf6 35. Qb3 Nxe2 36. R1a6
Qf5 0-1

[Event "China - Russia"]
[Site "Ningbo CHN"]
[Date "2010.08.07"]
[EventDate "2010.08.05"]
[Round "3"]
[Result "1/2-1/2"]
[White "Wang Hao"]
[Black "Artyom Timofeev"]
[WhiteElo "2724"]
[BlackElo "2690"]
[PlyCount "101"]

1. e4 c5 2. Nf3 d6 3. d4 cxd4 4. Nxd4 Nf6 5. Nc3 g6 6. Be3 Bg7
7. f3 Nc6 8. Qd2 O-O 9. O-O-O d5 10. exd5 Nxd5 11. Nxc6 bxc6
12. Bd4 Nxc3 13. Qxc3 Bh6+ 14. Be3 Bxe3+ 15. Qxe3 Qb6 16. Qxe7
Be6 17. Qa3 Rad8 18. Bd3 Rd5 19. b3 Rfd8 20. Rde1 Rd4 21. Re5
R8d5 22. Re2 Qd8 23. Rhe1 a5 24. Re4 a4 25. Rxd4 Rxd4 26. Re2
Qa5 27. Kb1 Qc3 28. Qb2 Qc5 29. g4 a3 30. Qc1 Rd8 31. h3 Rd4
32. Re4 Rxe4 33. Bxe4 Bd5 34. Bxd5 cxd5 35. f4 Qe7 36. g5 d4
37. h4 Kg7 38. Qd2 Qe4 39. Kc1 Qh1+ 40. Qd1 Qe4 41. Qf1 h5
42. Qf2 Qh1+ 43. Kd2 Qa1 44. f5 Qc3+ 45. Kd1 Qa1+ 46. Ke2 gxf5
47. Qxf5 Qxa2 48. Qe5+ Kg8 49. Kd2 Qb2 50. Qe8+ Kg7 51. Qe5+
1/2-1/2

[Event "China - Russia"]
[Site "Ningbo CHN"]
[Date "2010.08.09"]
[EventDate "2010.08.05"]
[Round "5"]
[Result "0-1"]
[White "Vladimir Potkin"]
[Black "Wang Hao"]
[WhiteElo "2626"]
[BlackElo "2724"]
[PlyCount "60"]

1. d4 Nf6 2. c4 e6 3. Nc3 Bb4 4. e3 O-O 5. Bd3 d5 6. Nf3 c5
7. O-O Nc6 8. a3 Bxc3 9. bxc3 Qc7 10. Bb2 Na5 11. cxd5 exd5
12. Ne5 Re8 13. a4 Rxe5 14. dxe5 Qxe5 15. h3 c4 16. Bc2 Bf5
17. Re1 Bxc2 18. Qxc2 Nb3 19. Rad1 Re8 20. f3 Nc5 21. Rd4 Nd3
22. Re2 Nh5 23. e4 Nhf4 24. Rd2 f5 25. Ba3 fxe4 26. fxe4 Qg5
27. Kh2 Rxe4 28. Qd1 Qe5 29. Rxe4 dxe4 30. Qg4 h5 0-1

[Event "7th CHN-RUS Rapid"]
[Site "Ningbo CHN"]
[Date "2010.08.11"]
[EventDate "2010.08.11"]
[Round "1"]
[Result "0-1"]
[White "Vladimir Malakhov"]
[Black "Wang Hao"]
[WhiteElo "2732"]
[BlackElo "2724"]
[PlyCount "174"]

1. e4 e5 2. Nf3 Nc6 3. Bb5 a6 4. Ba4 Nf6 5. O-O b5 6. Bb3 Bc5
7. d3 d6 8. a4 Rb8 9. axb5 axb5 10. c3 O-O 11. h3 h6 12. Re1
Re8 13. d4 Bb6 14. d5 Ne7 15. Na3 Bd7 16. Nc2 Ra8 17. Be3 Bxe3
18. Rxe3 Ng6 19. Nb4 Nf4 20. Kh2 g5 21. Rxa8 Qxa8 22. Ng1 Qa7
23. Qd2 Ra8 24. Re1 Kg7 25. Qe3 Qb8 26. Bc2 h5 27. g3 Ng4+
28. hxg4 hxg4 29. gxf4 gxf4 30. Qd2 Qh8+ 31. Kg2 f3+ 32. Kf1
Qh1 33. Qg5+ Kh7 34. Rd1 Qg2+ 35. Ke1 Qxg1+ 36. Kd2 Qxf2+
37. Kc1 Ra1+ 38. Bb1 Qh2 39. Qe7 Qf4+ 40. Kc2 f2 41. Nd3 f1=Q
42. Nxf4 Qxf4 43. Qh4+ Kg7 44. Rh1 Qxe4+ 45. Kd2 Qxd5+ 46. Ke3
Qf3+ 47. Kd2 Qg2+ 48. Ke3 Qxh1 49. Qxh1 Bf5 50. Qh5 Bxb1
51. Qxg4+ Bg6 52. Qd7 Rd1 53. Qxb5 Rd3+ 54. Kf2 c5 55. Qc6 e4
56. Qd7 c4 57. Qg4 Rd2+ 58. Ke3 Rxb2 59. Qg3 Rc2 60. Qxd6
Rxc3+ 61. Ke2 Rd3 62. Qe5+ Kh7 63. Qh2+ Kg7 64. Qe5+ Kh6
65. Qh2+ Kg5 66. Qg1+ Kf6 67. Qb6+ Kg7 68. Qc5 c3 69. Qe5+ Kh6
70. Qh2+ Kg5 71. Qg1+ Kf6 72. Qc5 Bf5 73. Qb6+ Kg5 74. Qc5 f6
75. Ke1 Rh3 76. Qg1+ Bg4 77. Qc5+ f5 78. Qe7+ Kf4 79. Qc7+ Kf3
80. Qxc3+ e3 81. Qc6+ Kg3 82. Qg2+ Kh4 83. Qc6 f4 84. Kf1 Rh2
85. Kg1 Kg3 86. Qc3 Rd2 87. Qc1 Rd1+ 0-1

[Event "7th CHN-RUS Rapid"]
[Site "Ningbo CHN"]
[Date "2010.08.11"]
[EventDate "2010.08.11"]
[Round "5"]
[Result "1-0"]
[White "Vladimir Potkin"]
[Black "Wang Hao"]
[WhiteElo "2626"]
[BlackElo "2724"]
[PlyCount "101"]

1. e4 c6 2. d4 d5 3. exd5 cxd5 4. c4 Nf6 5. Nc3 Nc6 6. Nf3 Bg4
7. cxd5 Nxd5 8. Qb3 Bxf3 9. gxf3 Nb6 10. d5 Nd4 11. Bb5+ Nd7
12. Qa4 Nxb5 13. Qxb5 g6 14. O-O Bg7 15. Re1 O-O 16. Bg5 Re8
17. d6 Bf6 18. dxe7 Rxe7 19. Rxe7 Bxe7 20. Rd1 Bxg5 21. Rxd7
Qf6 22. Qxb7 Re8 23. Kg2 Bf4 24. Ne4 Qf5 25. Qxa7 Be5 26. b4
h5 27. Re7 Rxe7 28. Qxe7 Qf4 29. h4 Qh2+ 30. Kf1 Qh1+ 31. Ke2
Qa1 32. a4 Bd4 33. Kd3 Be5 34. Kc4 Qd4+ 35. Kb5 Qd3+ 36. Ka5
Bf4 37. b5 Qxf3 38. Qd8+ Kh7 39. Qd5 Kg7 40. Qd4+ Kg8 41. b6
Bh2 42. Ka6 Qf5 43. Nf6+ Kf8 44. Nd7+ Ke7 45. Nc5 g5 46. hxg5
Qxg5 47. a5 h4 48. Qd7+ Kf8 49. Ne4 Qf4 50. Qd8+ Kg7 51. Qg5+
1-0

[Event "7th CHN-RUS Rapid"]
[Site "Ningbo CHN"]
[Date "2010.08.12"]
[EventDate "2010.08.11"]
[Round "6"]
[Result "1/2-1/2"]
[White "Wang Hao"]
[Black "Vladimir Malakhov"]
[WhiteElo "2724"]
[BlackElo "2732"]
[PlyCount "93"]

1. d4 d5 2. c4 c6 3. Nf3 Nf6 4. Nc3 e6 5. Bg5 Nbd7 6. cxd5
exd5 7. e3 Be7 8. Bd3 Ne4 9. Bxe4 Bxg5 10. Bd3 Be7 11. Qc2 Nf6
12. h3 O-O 13. O-O-O a5 14. g4 g6 15. Ne5 Nd7 16. f4 Nxe5
17. dxe5 Qb6 18. Rhe1 Bc5 19. e4 Be3+ 20. Kb1 d4 21. Ne2 a4
22. a3 Ra5 23. Bc4 Qa7 24. Ba2 c5 25. Bd5 b5 26. f5 c4 27. e6
fxe6 28. fxe6 Re8 29. Nxd4 Bxd4 30. Qd2 Bg7 31. e7+ Kh8
32. Bf7 c3 33. bxc3 Qxe7 34. Bxe8 Qxa3 35. Qb2 Qxb2+ 36. Kxb2
b4 37. Kb1 Bxc3 38. Rf1 Kg7 39. Bf7 Ba6 40. Rf2 b3 41. h4 Bb7
42. Bxg6 Bc6 43. Rd6 hxg6 44. Rxc6 Bd4 45. Rc7+ Kg8 46. Rc8+
Kg7 47. Rc7+ 1/2-1/2

[Event "7th CHN-RUS Rapid"]
[Site "Ningbo CHN"]
[Date "2010.08.12"]
[EventDate "2010.08.11"]
[Round "8"]
[Result "0-1"]
[White "Artyom Timofeev"]
[Black "Wang Hao"]
[WhiteElo "2690"]
[BlackElo "2724"]
[PlyCount "96"]

1. e4 c5 2. Nf3 Nc6 3. d4 cxd4 4. Nxd4 Nf6 5. Nc3 d6 6. Be2 g6
7. Be3 Bg7 8. O-O O-O 9. Nb3 a6 10. f4 b5 11. Bf3 Bb7 12. Kh1
Nd7 13. Qe1 Rc8 14. Rf2 Na5 15. Nxa5 Qxa5 16. Bd2 Qc7 17. Rc1
b4 18. Nd1 a5 19. c3 b3 20. c4 bxa2 21. Bxa5 Qb8 22. Nc3 Nc5
23. Qd1 Bxc3 24. Bxc3 Bxe4 25. Ra1 Bxf3 26. Rxf3 Ne4 27. b3
Nxc3 28. Rxc3 Qb4 29. Qc2 d5 30. c5 Rc6 31. h3 Rfc8 32. Rxa2
Rxc5 33. Rxc5 Qxc5 34. Qxc5 Rxc5 35. Rb2 Rc1+ 36. Kh2 Kf8
37. b4 Ke8 38. b5 Kd7 39. b6 Rc8 40. g4 Rb8 41. f5 Kc6
42. fxg6 fxg6 43. Rf2 e5 44. Rf6+ Kc5 45. Rf7 Rxb6 46. Rxh7 e4
47. h4 Kd4 48. Kg3 e3 0-1

[Event "7th CHN-RUS Rapid"]
[Site "Ningbo CHN"]
[Date "2010.08.13"]
[EventDate "2010.08.11"]
[Round "11"]
[Result "0-1"]
[White "Vladimir Malakhov"]
[Black "Wang Hao"]
[WhiteElo "2732"]
[BlackElo "2724"]
[PlyCount "70"]

1. e4 e6 2. d4 d5 3. Nd2 c5 4. Ngf3 cxd4 5. Nxd4 Nc6 6. Nxc6
bxc6 7. Bd3 Nf6 8. O-O Be7 9. b3 O-O 10. Bb2 a5 11. a4 Ba6
12. Bxa6 Rxa6 13. Qe2 Ra8 14. Rad1 Qb6 15. Kh1 Rad8 16. e5 Nd7
17. f4 c5 18. f5 exf5 19. Rxf5 c4 20. Rdf1 Rc8 21. Qf3 Qe6
22. bxc4 dxc4 23. Ne4 g6 24. Rf4 Nxe5 25. Qc3 f5 26. Qxa5 c3
27. Nxc3 Nc4 28. Qd5 Qxd5 29. Nxd5 Bg5 30. Bc3 Bxf4 31. Rxf4
Rfd8 32. Nf6+ Kf7 33. h4 Ne3 34. Be5 Rd1+ 35. Kh2 Rxc2 0-1

[Event "7th CHN-RUS Rapid"]
[Site "Ningbo CHN"]
[Date "2010.08.13"]
[EventDate "2010.08.11"]
[Round "13"]
[Result "1-0"]
[White "Wang Hao"]
[Black "Artyom Timofeev"]
[WhiteElo "2724"]
[BlackElo "2690"]
[PlyCount "124"]

1. e4 c5 2. Nf3 e6 3. d4 cxd4 4. Nxd4 Nf6 5. Nc3 d6 6. Be3 Be7
7. f3 Nc6 8. Qd2 O-O 9. O-O-O d5 10. Be2 a6 11. g4 Nxd4
12. Qxd4 dxe4 13. Qe5 Nd7 14. Qxe4 Qa5 15. Kb1 Nf6 16. Qf4 e5
17. Qa4 Qxa4 18. Nxa4 Be6 19. Nc5 Bxc5 20. Bxc5 Rfc8 21. Bd6
Nd7 22. Bd3 Bd5 23. Bxh7+ Kxh7 24. Rxd5 f6 25. b3 Kg6 26. f4
exf4 27. Bxf4 Nc5 28. Re1 Rc6 29. h4 Re6 30. h5+ Kf7 31. Rf1
Rc8 32. g5 Ne4 33. Rd7+ Re7 34. Rxe7+ Kxe7 35. Re1 f5 36. Kb2
Rh8 37. h6 gxh6 38. gxh6 Kf6 39. a4 Rh7 40. Rd1 Nc5 41. Rd6+
Ne6 42. Rb6 Rd7 43. a5 Rd1 44. h7 Rh1 45. Bd2 Rxh7 46. Bc3+
Kf7 47. Rxb7+ Kg6 48. Rb6 Re7 49. Rxa6 f4 50. Bd4 Kf5 51. Bb6
Ke4 52. Ra8 f3 53. a6 Nc7 54. Bxc7 Rxc7 55. Re8+ Kf4 56. Rf8+
Ke3 57. b4 f2 58. Kb3 Rc8 59. Rf6 Rc6 60. Rxf2 Kxf2 61. b5 Rc5
62. c4 Ke3 1-0

[Event "7th CHN-RUS Rapid"]
[Site "Ningbo CHN"]
[Date "2010.08.13"]
[EventDate "2010.08.11"]
[Round "15"]
[Result "1-0"]
[White "Vladimir Potkin"]
[Black "Wang Hao"]
[WhiteElo "2626"]
[BlackElo "2724"]
[PlyCount "91"]

1. e4 e6 2. d4 d5 3. Nc3 Nf6 4. e5 Nfd7 5. f4 c5 6. Nf3 Nc6
7. Be3 Be7 8. Qd2 O-O 9. Be2 a6 10. O-O b5 11. Kh1 Qb6 12. Nd1
b4 13. c4 cxd4 14. Nxd4 Nxd4 15. Bxd4 Bc5 16. Bxc5 Nxc5
17. cxd5 exd5 18. Qd4 Na4 19. Qxb6 Nxb6 20. Ne3 Rd8 21. Rad1
a5 22. Bf3 Bb7 23. Rd4 Rac8 24. Rfd1 g6 25. Kg1 Rc5 26. Kf2
Kg7 27. g4 Na4 28. R1d2 Nb6 29. h4 Bc8 30. Kg3 Rc1 31. f5 Re8
32. Kf4 Kf8 33. Bxd5 gxf5 34. gxf5 Nxd5+ 35. Rxd5 Rh1 36. Kg5
Rg1+ 37. Kf4 Rh1 38. Ng4 Kg7 39. Nf6 Rf1+ 40. Ke3 Rf8 41. Nh5+
Kh6 42. Ng3 Rg1 43. Kf4 Rg8 44. Rd6+ Kg7 45. Rd8 Ba6 46. f6+
1-0

[Event "Shanghai Masters"]
[Site "Shanghai CHN"]
[Date "2010.09.07"]
[EventDate "2010.09.03"]
[Round "5"]
[Result "0-1"]
[White "Wang Hao"]
[Black "Alexey Shirov"]
[WhiteElo "2724"]
[BlackElo "2749"]
[PlyCount "119"]

1. d4 d5 2. c4 c6 3. Nf3 Nf6 4. e3 Bf5 5. Nc3 e6 6. Nh4 Bg6
7. Be2 Nbd7 8. O-O dxc4 9. Bxc4 b5 10. Be2 a6 11. f4 b4
12. Nxg6 hxg6 13. Na4 c5 14. b3 Nd5 15. e4 N5b6 16. Nxb6 Qxb6
17. d5 e5 18. Bg4 Bd6 19. Bxd7+ Kxd7 20. Qg4+ Ke8 21. Kh1 Qd8
22. g3 Qd7 23. f5 Kf8 24. Be3 Rc8 25. Qe2 gxf5 26. Rxf5 Qb5
27. Qg4 Rc7 28. Raf1 Kg8 29. Rxf7 Rxf7 30. Rxf7 Kxf7 31. Qe6+
Kf8 32. Qxd6+ Kg8 33. Qe6+ Kh7 34. Qf5+ Kg8 35. Bg5 Qd3 36. h4
Qb1+ 37. Kg2 Qxa2+ 38. Kh3 Qa1 39. Qc8+ Kh7 40. Qf5+ Kg8
41. Qf3 Qc3 42. Qg4 Qa1 43. Qe2 Qh1+ 44. Kg4 Kh7 45. Be7 a5
46. Bxc5 Rc8 47. d6 Qc1 48. Bb6 Qh6 49. Qd1 a4 50. Qd5 Rc3
51. Qxe5 axb3 52. d7 Qg6+ 53. Kh3 b2 54. h5 Qf7 55. Qe8 Qf1+
56. Kh4 Qh1+ 57. Kg5 Rxg3+ 58. Kf5 Qf3+ 59. Ke5 b1=Q 60. Kd4
0-1

[Event "Chess Olympiad"]
[Site "Khanty-Mansiysk RUS"]
[Date "2010.09.25"]
[EventDate "2010.09.21"]
[Round "5"]
[Result "1/2-1/2"]
[White "Lubomir Ftacnik"]
[Black "Wang Hao"]
[WhiteElo "2568"]
[BlackElo "2724"]
[PlyCount "84"]

1. Nf3 Nf6 2. c4 e6 3. Nc3 Bb4 4. g3 b6 5. Bg2 Bb7 6. Qb3 c5
7. O-O O-O 8. a3 Bxc3 9. Qxc3 d5 10. b4 Nbd7 11. d3 Rc8
12. Qb2 dxc4 13. dxc4 cxb4 14. axb4 Rxc4 15. Rxa7 Be4 16. Bf4
Rc2 17. Qa1 Qc8 18. Nd4 Bxg2 19. Kxg2 Rc4 20. Kg1 Nd5 21. Bd6
Re8 22. Nb5 Qc6 23. Qa4 N7f6 24. Na3 Qxa4 25. Rxa4 Rcc8
26. Nb5 Ne4 27. Be5 f6 28. f3 Nd2 29. Rd1 Nc4 30. Bd4 e5
31. Ba1 Nce3 32. Rb1 Rc2 33. Kf2 Rec8 34. Nd6 Rd8 35. Nb5 h5
36. Ra3 Nc4 37. Rd3 Nd2 38. Rd1 e4 39. fxe4 Nxe4+ 40. Ke1 Re8
41. Rxd5 Nxg3 42. hxg3 Rexe2+ 1/2-1/2

[Event "Chess Olympiad"]
[Site "Khanty-Mansiysk RUS"]
[Date "2010.09.27"]
[EventDate "2010.09.21"]
[Round "6"]
[Result "1-0"]
[White "Wang Hao"]
[Black "Dragan Kosic"]
[WhiteElo "2724"]
[BlackElo "2481"]
[PlyCount "83"]

1. d4 e6 2. Nf3 Nf6 3. c4 Bb4+ 4. Nbd2 b6 5. g3 Bb7 6. Bg2 O-O
7. O-O d5 8. cxd5 exd5 9. Ne5 a5 10. Qc2 Re8 11. Rd1 Ra7
12. Ndf3 Bd6 13. Bf4 Ne4 14. Nd3 Nd7 15. Rac1 Bxf4 16. Nxf4 c6
17. a3 Qe7 18. e3 Raa8 19. Nd3 c5 20. dxc5 bxc5 21. Nd2 Rac8
22. Nxe4 dxe4 23. Nf4 Nf6 24. Qc3 g5 25. Ne2 Ba6 26. Re1 a4
27. Bh3 g4 28. Bg2 Bxe2 29. Rxe2 Nd7 30. Qc4 Nb6 31. Qb5 Qd6
32. Ree1 Re5 33. Red1 Qe6 34. Bf1 Kg7 35. Rd2 c4 36. Qb4 Rec5
37. Rcd1 R8c6 38. Rd8 Qf6 39. Rb8 Nd5 40. Qxa4 c3 41. Qxe4
cxb2 42. Bd3 1-0

[Event "Chess Olympiad"]
[Site "Khanty-Mansiysk RUS"]
[Date "2010.09.28"]
[EventDate "2010.09.21"]
[Round "7"]
[Result "1-0"]
[White "Wang Hao"]
[Black "Mesgen Amanov"]
[WhiteElo "2724"]
[BlackElo "2493"]
[PlyCount "73"]

1. c4 c6 2. Nf3 d5 3. g3 Nf6 4. Bg2 g6 5. O-O Bg7 6. d4 O-O
7. Qb3 dxc4 8. Qxc4 Be6 9. Qa4 Nbd7 10. Nc3 Nb6 11. Qc2 Qc8
12. e4 Bh3 13. Re1 Bxg2 14. Kxg2 Nfd7 15. Bf4 Re8 16. a4 e5
17. Nxe5 Nxe5 18. Bxe5 Bxe5 19. dxe5 Rxe5 20. f4 Re8 21. a5
Nc4 22. e5 b6 23. Ne4 Nxa5 24. b4 Nb7 25. Nf6+ Kg7 26. Nxe8+
Qxe8 27. f5 gxf5 28. Qxf5 Nd8 29. Rad1 Qe6 30. Qf3 Qg6
31. Qf6+ Qxf6 32. exf6+ Kf8 33. Re7 a5 34. bxa5 bxa5 35. Ra7
Rc8 36. Rxa5 c5 37. Rxc5 1-0

[Event "Chess Olympiad"]
[Site "Khanty-Mansiysk RUS"]
[Date "2010.09.30"]
[EventDate "2010.09.21"]
[Round "9"]
[Result "1-0"]
[White "Wang Hao"]
[Black "Lazaro Bruzon Batista"]
[WhiteElo "2724"]
[BlackElo "2679"]
[PlyCount "63"]

1. c4 Nf6 2. Nf3 c6 3. d4 d5 4. Qc2 dxc4 5. Qxc4 Bf5 6. g3 e6
7. Bg2 Be7 8. O-O O-O 9. e3 Nbd7 10. Rd1 Qc7 11. Nc3 e5 12. h3
Rad8 13. g4 Be6 14. Qe2 h6 15. e4 exd4 16. Nxd4 Bd6 17. Qc2
Rfe8 18. Nce2 Nb6 19. a4 a5 20. Be3 Bc4 21. b3 Ba6 22. Rac1
Nbd7 23. g5 hxg5 24. Bxg5 Ba3 25. Ra1 Bb4 26. Ng3 Qe5 27. f4
Qc5 28. Qf2 Bc3 29. Rac1 Qb4 30. Ngf5 Nf8 31. Bxf6 gxf6
32. Qg3+ 1-0

[Event "Tal Memorial"]
[Site "Moscow RUS"]
[Date "2010.11.06"]
[EventDate "2010.11.05"]
[Round "2"]
[Result "1/2-1/2"]
[White "Wang Hao"]
[Black "Levon Aronian"]
[WhiteElo "2715"]
[BlackElo "2783"]
[PlyCount "79"]

1.d4 Nf6 2.c4 e6 3.Nf3 d5 4.g3 Be7 5.Bg2 O-O 6.O-O dxc4 7.Qc2
a6 8.a4 Bd7 9.Qxc4 Bc6 10.Bg5 h6 11.Bxf6 Bxf6 12.Nc3 Bxf3
13.Bxf3 c6 14.Qb3 Qc7 15.Rfd1 a5 16.Rac1 Bg5 17.e3 Qe7 18.h4
Bf6 19.Be2 Qb4 20.Qc2 Rd8 21.h5 Nd7 22.Ne4 Be7 23.b3 Nf6
24.Nxf6+ Bxf6 25.Qc4 Be7 26.f4 Rd7 27.Bf3 Ra6 28.Qc2 Ra8
29.Kg2 Rad8 30.Qc4 Kf8 31.Be4 Ke8 32.Kf3 Rc7 33.g4 Qb6 34.Qc2
Kd7 35.Bd3 Kc8 36.Bc4 Qb4 37.Qd2 Qb6 38.Qc2 Qb4 39.Qd2 Qb6
40.Ke4 1/2-1/2

[Event "Tal Memorial"]
[Site "Moscow RUS"]
[Date "2010.11.07"]
[EventDate "2010.11.05"]
[Round "3"]
[Result "1/2-1/2"]
[White "Alexander Grischuk"]
[Black "Wang Hao"]
[WhiteElo "2771"]
[BlackElo "2727"]
[PlyCount "43"]

1. d4 d5 2. Nf3 Nf6 3. c4 c6 4. Nc3 dxc4 5. a4 Bf5 6. Ne5 Nbd7
7. Nxc4 Nb6 8. Ne5 a5 9. e3 Nbd7 10. Nc4 e6 11. f3 Bb4 12. e4
Bg6 13. Be2 Nb6 14. Ne3 O-O 15. O-O Nfd7 16. Qb3 Qe7 17. Kh1
Kh8 18. Rd1 f6 19. Na2 Bd6 20. Nc3 Bb4 21. Na2 Bd6 22. Nc3
1/2-1/2